| 000 | 01071cam a2200337 i 4500 | ||
|---|---|---|---|
| 999 |
_c23296 _d25444 |
||
| 001 | 23296 | ||
| 003 | TR-AnTOB | ||
| 005 | 20240711074010.0 | ||
| 007 | ta | ||
| 008 | 041128s2000 tu 000 0 tur d | ||
| 020 | _a9757369381 | ||
| 035 | _a23296 | ||
| 040 |
_aTR-AnTOB _beng _erda _cTR-AnTOB |
||
| 041 | 0 | _atur | |
| 050 |
_aDR589 _b.K37 2000 |
||
| 090 |
_aDR589 _b.K37 2000 |
||
| 100 | 1 |
_aKarabekir, Kazım, _d1882-1948 _eauthor _911862 |
|
| 245 | 0 |
_aİstiklal harbimizin esasları / _cKazım Karabekir ; yay. haz. Faruk Özerengin. |
|
| 250 | _a5. bs. | ||
| 264 | 1 |
_aİstanbul : _bEmre Yayınları, _c2000. |
|
| 300 |
_a424 pages ; _c20 cm |
||
| 336 |
_2rdacontent _atext _btxt |
||
| 337 |
_2rdamedia _aunmediated _bn |
||
| 338 |
_2rdacarrier _avolume _bnc |
||
| 490 | 0 |
_aEmre Yayınları ; _v44. _aEmre Yakın Tarih Serisi ; _v27. _aCumhuriyet Tarihi Dizisi ; _v13. _aKazım Karabekir Serisi ; _v13 |
|
| 651 | 7 |
_aTürkiye _xTarih _y20. yüzyıl _2etuturkob _918908 |
|
| 700 | 1 |
_aÖzerengin, Faruk _eeditor _9119308 |
|
| 902 | _a*** | ||
| 942 |
_2lcc _cBK |
||